| 000 | 00766cam a22002297a 4500 | ||
|---|---|---|---|
| 003 | MX-MUPN | ||
| 005 | 20240621174225.0 | ||
| 008 | 240516n ||| |||f |||| 000 0 spa d | ||
| 040 |
_aMX-MxUPN _bspa |
||
| 041 | 0 | _aeng | |
| 050 | 4 |
_aLC5257 T3 _bB46 1970 |
|
| 100 | 1 |
_935365 _aBennett, Nicholas, _d1942-2010 |
|
| 100 | 0 |
_952514 _aKowit Vorapipatana |
|
| 245 | 1 | 0 | _aTowards community-centred education for national harmony and development in Thailand |
| 260 |
_a[Paris] : _bInternational Institute for Educational Planning, _c[197?] |
||
| 300 | _a27 páginas | ||
| 490 | 0 |
_aIIEP seminar paper ; _v13 |
|
| 650 | 4 |
_952513 _aEducación de adultos _zTailandia |
|
| 902 |
_aMarielOrtiz/160524 _bVíctorGodínez/210624 |
||
| 942 |
_2lcc _cFOLL |
||
| 999 |
_c211248 _d211248 |
||